11 Letter Pokemon names - Statistics

General Stats
  • This quiz has been taken 237 times
    216 since last reset
  • The average score is 12 of 20
Answer Stats
Generation Type Pokémon % Correct
VI Fire/Flying Fletchinder
74%
VIII Flying/Steel Corviknight
72%
VIII Fire/Bug Centiskorch
70%
VII Fire/Ghost Blacephalon
66%
VIII Flying Corvisquire
66%
IX Ghost/Fairy Flutter Mane
66%
IX Grass/Dark Meowscarada
63%
IX Electric/Flying Kilowattrel
62%
IX Dragon/Dark Roaring Moon
62%
IX Fairy/Fighting Iron Valiant
61%
VIII Water/Ghost Basculegion
60%
IX Grass/Dark Brute Bonnet
59%
IX Dark/Flying Iron Jugulis
57%
IX Electric/Ground Sandy Shocks
57%
VIII Water Barraskewda
56%
IX Water/Dragon Walking Wake
55%
VIII Rock Stonjourner
54%
IX Bug/Fighting Slither Wing
53%
VIII Ghost Polteageist
51%
IX Normal Dudunsparce
47%
No matching quizzes found
Score Distribution
Percent of People with Each Score
Percentile by Number Answered
Your Score History
You have not taken this quiz since the last reset